书目信息 |
| 题名: |
硅酸盐物理化学
|
|
| 作者: | 贺可音 主编 | |
| 分册: | ||
| 出版信息: | 武汉 武汉工业大学出版社 1995 |
|
| 页数: | 364页 | |
| 开本: | 26cm | |
| 丛书名: | ||
| 单 册: | ||
| 中图分类: | TQ170.1 | |
| 科图分类: | ||
| 主题词: | 硅酸盐--化学工业 | |
| 电子资源: | ||
| ISBN: | 7-5629-1039-1 | |
| 000 | 00587nam0 2200205 45 | |
| 001 | 0306040964 | |
| 005 | 20031219104110.6 | |
| 010 | @a7-5629-1039-1@dCNY21.50 | |
| 100 | @a20030604d1995 km y0chiy0120 ea | |
| 101 | 0 | @achi |
| 105 | @a z 000yy | |
| 200 | 1 | @a硅酸盐物理化学@AGui Suan Yan Wu Li Hua Xue@f贺可音主编@FHe Ke Yin Zhu Bian |
| 210 | @a武汉@c武汉工业大学出版社@d1995 | |
| 215 | @a364页@d26cm | |
| 300 | @a高等学校试用教材 | |
| 606 | 0 | @a硅酸盐@x化学工业 |
| 690 | @aTQ170.1@v4 | |
| 701 | 0 | @a贺可音@4主编 |
| 801 | @aCN@bTSTC@c20030604 | |
| 905 | @b323673-677@dTQ170.1@e14@f5 | |
| 硅酸盐物理化学/贺可音主编.-武汉:武汉工业大学出版社,1995 |
| 364页;26cm |
| 高等学校试用教材 |
| ISBN 7-5629-1039-1:CNY21.50 |
| ● |
| 相关链接 |
|
|
|
|
正题名:硅酸盐物理化学
索取号:TQ170.1/14
 
预约/预借
| 序号 | 登录号 | 条形码 | 馆藏地/架位号 | 状态 | 备注 |
| 1 | 0323673 | 203236738 | 第三借阅区/ [索取号:TQ170.1/14] | 在馆 | |
| 2 | 0323674 | 203236747 | 第三借阅区/ [索取号:TQ170.1/14] | 在馆 | |
| 3 | 0323675 | 203236756 | 第三借阅区/ [索取号:TQ170.1/14] | 在馆 | |
| 4 | 0323676 | 203236765 | 第三借阅区/ [索取号:TQ170.1/14] | 在馆 | |
| 5 | 0323677 | 203236774 | 第二样本阅览室/ [索取号:TQ170.1/14] | 在馆 |